Регионална библиотека "Любен Каравелов" - Русе

Мама (Запис номер 163439)

MARC детайли
000 -Лидер
Контролно поле с фиксирана дължина 01045nam a2200289 c 4500
003 - Код на организацията, давaща контролен номер
Контролно поле BLK
005 - Дата и час на последна редакция
Контролно поле 20220321154724.0
008 - Елементи от данни с фиксирана дължина
fixed length control field 180410b bul|||||r ||||||| ||bul||
010 ## - Наследен системен номер
LC control number KNG00170849000
040 ## - Източник на каталожния запис
Идентификатор на билиотеката - собственик на записа BLK
041 ## - Код за език
Код за езика на текст/звукозапис или на отделно заглавие Български
Код за езика КДБФ Български
080 ## - УДК
Текстов определител УДК Българска литература
УДК код - определител по УДК 821.163.2
УДК определител -31
УДК - код + определител 821.163.2-31
100 1# - Редна дума - Автор
Автор Вапцарова, Райна Йонкова
Авторска отговорност първи автор
R(LIN) 282881
139 ## - Редно поле
Редна дума Вапцарова, Райна Йонкова
Авторски знак Вап - В 21
245 10 - Сведения за заглавието
Заглавие Мама
Подзаглавни данни Роман [за Елена Вапцарова]
Редно поле (дума) Райна Йонкова Вапцарова.
257 ## - Страна на издаване
Страна на създаване/издаване България
260 ## - Област на издателските данни
Име на издателя, разпространителя и проч. Нар. младеж
Година на издаване 1981
Място на издаване, разпространение и проч. София
300 ## - Физическа характеристика
Страници 263 с., 8 л. ил.
Размери/Мащаб 21 см
380 ## - Жанр
Жанр Худож. лит.
500 ## - Общи забележки
Забележка 30 113 тир.
600 14 - Име на лице, използвано като предмет
За него / За нея Вапцарова, Елена
9 (RLIN) 368415
852 ## - Местоположение
Форматна сигнатура Цб 111413
856 4# - Електронен адрес и достъп
Електронен формат pdf - файл
856 4# - Електронен адрес и достъп
Електронен формат pdf - файл
999 ## - СИСТЕМНИ КОНТРОЛНИ НОМЕРА
Koha biblionumber 163439
Koha biblioitemnumber 163439
942 ## - АРТИКУЛИ
Вид на библиотечния материал Книги
Скрит в OPAC Не
Периодичен библиозапис Да
944 ## - СЪЗДАВАНЕ И РЕДАКЦИЯ на ЗАПИСА
Създаване/Редакция Създаване
Дата на регистрацията/редакция 06.02.2015
Статус, дата на статуса 06.02.2015 - от С1,Р / 06.02.2015
Служител, извършил регистрацията/редакцията Нора_Радева
944 ## - СЪЗДАВАНЕ И РЕДАКЦИЯ на ЗАПИСА
Създаване/Редакция Редакция
Дата на регистрацията/редакция 06.02.2015
Статус, дата на статуса 06.02.2015 - от С1,Р / 06.02.2015
999 ## - СИСТЕМНИ КОНТРОЛНИ НОМЕРА
Koha biblioitemnumber 163439
Наличности
Код за отписване Код за изгубен артикул Източник на класификационната схема Код за повреда Коз за рестрикции Код за отдаване Артикулен № Име на библиотеката - собственик Име на библиотеката, в която се намира в момента Статус (Текущо местоположение) Дата на вписване в системата Местоположение - отдел Цена в лева Инвентарен номер Систематично азбучна сигнатура Баркод Номер на екземпляра Цена в евро Служебна бележка Служебен тип на артикула Бележка за публиката
  Не е изгубен Universal Decimal Classification Не е повреден без рестрикции ползва се в читалня 273915 Регионална библиотека "Любен Каравелов" Русе Регионална библиотека "Любен Каравелов" Русе Хранилище 1981-01-01 Хранилище 1.20 338127 Цб 111413 120000338127 1 0.61 Дост: Dp Вид: Д Дата: 01.01.1981 Книги  
Изтеглен Не е изгубен   Не е повреден без рестрикции заемане за дома 273916 Регионална библиотека "Любен Каравелов" Русе Регионална библиотека "Любен Каравелов" Русе   1981-01-01 Детски отдел 1.20 338654 Д 886.7/В 21 338654 2 0.61 Вид: Сф Дата: 01.01.1981 Дата инв: 31.08.2015 Бележки инв: Д2015 Книги Отч.N: 25/2017 , Дата: 11.08.2017
Изтеглен Не е изгубен Universal Decimal Classification Не е повреден без рестрикции заемане за дома 273917 Регионална библиотека "Любен Каравелов" Русе Регионална библиотека "Любен Каравелов" Русе Заемна - подръчен фонд 1981-01-01 Заемна - подръчен фонд 1.20 338444 П 886.7-31/В 21 338444 3 0.61 Вид: Сф Дата: 01.01.1981 Книги  
Vip Innovations Ltd, Rousse, Bulgaria 2025